000 01331nam a2200337 c 4500
003 BLK
005 20250612094137.0
008 180408b bul|||||r ||||||| ||bul||
010 _aKNG00089088000
020 _a978-954-769-199-5
_bиздат.: Обсидиан
040 _aBLK
041 _aBUL
_cBUL
080 _aАмериканска литература (на САЩ)
_b821.111(73)
_x-312.4
_z821.111(73)-312.4
100 1 _aАлпърт, Марк
_eпърви автор
_930906
700 1 _aПадалска, Силвия Росимирова
_eпрев. от англ.
_9105588
139 _aАлпърт, Марк
_bА 57
245 1 0 _aПоследната тайна
_bРоман
_cМарк Алпърт; прев. от англ. Силвия Росимирова Падалска.
257 _aUSA
260 София
_bОбсидиан
_c2009
_fВ. Търново : Абагар
300 _a416 с.
_c20 см
380 _aX
500 _aОриг. загл. Final Theory / Mark Alfert. - Офс. изд.
653 _aтрилъри
653 _aромани
852 _aЦб 243743
856 4 _qpdf
_u
856 4 _qpdf
_u
942 _cKNG
_n0
_011
944 _aCR
_c23.04.2009
_lМинев Младен
_k30530
944 _aED
_c13.09.2017
_lф /
_kПенка_Димитрова
999 _c84502
_d84502